Documento firmado por Guadalupe Victoria (Record no. 4622)
[ view plain ]
| 000 -CABECERA | |
|---|---|
| campo de control de longitud fija | 01604nam a2200325 a 4500 |
| 001 - NÚMERO DE CONTROL | |
| campo de control | BRCA_4928 |
| 005 - FECHA Y HORA DE LA ÚLTIMA TRANSACCIÓN | |
| campo de control | 20190320204849.0 |
| 008 - DATOS DE LONGITUD FIJA--INFORMACIÓN GENERAL | |
| campo de control de longitud fija | 211010s1823----mx-######v---#000-0#spa-# |
| 041 ## - CÓDIGO DE LENGUA | |
| Código de lengua del texto/banda sonora o título independiente | spa |
| 044 ## - CÓDIGO DEL PAÍS DE LA ENTIDAD EDITORA/PRODUCTORA | |
| Código MARC del país | mx |
| 084 ## - OTRO NÚMERO DE CLASIFICACIÓN | |
| Número de clasificación | DOC32 |
| Número de documento/Ítem | .V53 |
| -- | 1823 |
| 100 1# - ENTRADA PRINCIPAL--NOMBRE DE PERSONA | |
| Nombre de persona | Victoria, Guadalupe |
| Fechas asociadas al nombre | 1786-1843 |
| 9 (RLIN) | 12506 |
| 245 10 - MENCIÓN DE TÍTULO | |
| Título | Documento firmado por Guadalupe Victoria |
| Mención de responsabilidad, etc. | Guadalupe Victoria ... [et al.]. |
| 260 ## - PUBLICACIÓN, DISTRIBUCIÓN, ETC. | |
| Lugar de publicación, distribución, etc. | México |
| Fecha de publicación, distribución, etc. | 1823 |
| 300 ## - DESCRIPCIÓN FÍSICA | |
| Extensión | [4] fojas |
| Dimensiones | 30 x 21 cm |
| 500 ## - NOTA GENERAL | |
| Nota general | Documento firmado el 8 de mayo de 1823 |
| 500 ## - NOTA GENERAL | |
| Nota general | Documento de Guadalupe Victoria dirigida a Lucas Alamán, Secretario de Relaciones Exteriores. En ella le da cuenta de los preparativos que conto con Bravo han efectuado para el embarque de Don Agustín de Iturbide y le remite original de la contrata firmada con el capitán de la Fragata que debía llevarlo a Italia. Fechada en Veracruz |
| 500 ## - NOTA GENERAL | |
| Nota general | El documento tiene la leyenda DOC. #41 |
| 500 ## - NOTA GENERAL | |
| Nota general | Papel con marca de agua |
| 500 ## - NOTA GENERAL | |
| Nota general | Estado de conservación: Contiene laguna en la esquina inferior derecha en ambas fojas y anotaciones con tinta roja |
| 506 0# - NOTA DE RESTRICCIONES AL ACCESO | |
| Limitaciones de acceso | Fondo reservado: para su consulta es necesario credencial de usuario y carta de motivos |
| 546 ## - NOTA DE LENGUA/LENGUAJE | |
| Nota de lengua/lenguaje | Texto en: español de principios del siglo XIX |
| 600 14 - PUNTO DE ACCESO ADICIONAL DE MATERIA--NOMBRE DE PERSONA | |
| Nombre de persona | Victoria, Guadalupe |
| Fechas asociadas al nombre | 1786-1843 |
| 9 (RLIN) | 12506 |
| 651 #4 - PUNTO DE ACCESO ADICIONAL DE MATERIA--NOMBRE GEOGRÁFICO | |
| Nombre geográfico | México |
| Subdivisión de forma | Manuscrito |
| Subdivisión general | Historia |
| Subdivisión cronológica | Primeros gobiernos independientes, 1821-1824 |
| 9 (RLIN) | 12507 |
| 700 1# - PUNTO DE ACCESO ADICIONAL--NOMBRE DE PERSONA | |
| Nombre de persona | Alamán, Lucas |
| Fechas asociadas al nombre | 1792-1853 |
| 9 (RLIN) | 12508 |
| 700 1# - PUNTO DE ACCESO ADICIONAL--NOMBRE DE PERSONA | |
| Nombre de persona | Bravo Rueda, Nicolás |
| Fechas asociadas al nombre | 1786-1854 |
| 9 (RLIN) | 12509 |
| 700 1# - PUNTO DE ACCESO ADICIONAL--NOMBRE DE PERSONA | |
| Nombre de persona | Iturbide, Agustín de |
| Fechas asociadas al nombre | 1783-1824 |
| 9 (RLIN) | 12510 |
| 902 ## - CATALOGADOR | |
| Iniciales | FDH |
| 942 ## - ELEMENTOS DE PUNTO DE ACCESO ADICIONAL (KOHA) | |
| Fuente del sistema de clasificación o colocación | Library of Congress Classification |
| Tipo de ítem Koha | Documentos |
| Estado de retiro | Estado de pérdida | Estado dañado | No para préstamo | Localización permanente | Ubicación/localización actual | Fecha de adquisición | Total de préstamos | Signatura topográfica completa | Código de barras | Fecha visto por última vez | Precio válido a partir de | Tipo de ítem Koha |
|---|---|---|---|---|---|---|---|---|---|---|---|---|
| El ejemplar forma parte de la colección y puede ser consultado según las políticas vigentes. | Biblioteca del Museo Franz Mayer (Rogerio Casas-Alatriste) | Biblioteca del Museo Franz Mayer (Rogerio Casas-Alatriste) | 21/10/2010 | DOC32 .V53 1823 | 4989 | 22/03/2019 | 22/03/2019 | Documentos |